| 000 | 00724nam a22002291 4500 | ||
|---|---|---|---|
| 001 | 142345 | ||
| 003 | ES-MaACL | ||
| 005 | 20230906200511.0 | ||
| 007 | t| | ||
| 008 | 071004s1971 sp ||||0| spa d | ||
| 016 | 7 | _zIND2000946843 | |
| 040 |
_aM-BN _bspa _cCDM |
||
| 080 | _a871 Lucrecio Caro, Tito.1.06 | ||
| 100 | 1 |
_aWinspear, Alban Dewes. _9117107 |
|
| 245 | 1 | 0 |
_aQué ha dicho verdaderamente Lucrecio / _cA. D. Winspear ; [traducción, por Natalia Calamai]. |
| 250 | _a1ª ed. | ||
| 260 |
_aMadrid : _bDoncel, _c1971. |
||
| 300 |
_a169 p., 2 h ; _c18 cm. |
||
| 600 | 1 | 4 |
_aLucrecio Caro, Tito- _xCrítica e interpretación. _974605 |
| 700 | 1 |
_aCalamai, Natalia. _933518 |
|
| 852 |
_aES-MaACL _jC-40355 _bR.77916 |
||
| 999 |
_c142345 _d142345 |
||